Rodová príslušnosť a postoje slovenských spotrebiteľov voči značke

Štúdia zameraná na predpoklad existencie vzťahu medzi pohlavím a postojmi slovenských zákazníkov voči značke.

Enregistré dans:
Détails bibliographiques
Auteur principal: Štarchoň, Peter
Autres auteurs: Weberová, Dagmar
Format: Chapitre de livre
Langue:slovaque
Sujets:
Tags: Ajouter un tag
Pas de tags, Soyez le premier à ajouter un tag!

MARC

LEADER 00000naa a2200000 4500
001 0201764
005 20220722104250.2
041 0 |a slo 
044 |a SK 
245 1 0 |a Rodová príslušnosť a postoje slovenských spotrebiteľov voči značke  |c Peter Štarchoň, Dagmar Weberová 
520 |a Štúdia zameraná na predpoklad existencie vzťahu medzi pohlavím a postojmi slovenských zákazníkov voči značke. 
610 2 0 |a vzťahy genderové 
610 2 0 |a Slovensko 
610 2 0 |a spotrebitelia 
610 2 0 |a značky maloobchodné 
610 2 0 |a značky výrobkov 
610 2 0 |a stratégia marketingová 
100 1 |a Štarchoň, Peter 
700 1 |a Weberová, Dagmar